00670 2200229 4500001002100000005001500021035002000036007000300056008004100059020002200100082001000122084001600132100001700148245006500165250001700230260003700247300003900284650003900323505001200362600004900374990001700423INLIS00000000000999920260511020523 a0010-0526000030ta260511 g 0 ind  a978-979-21-5109-1 a615.4 a615.4 YOS b0 aYosef Wijoyo1 aBuku Ajar Pelayanan Kefarmasian di Komunitas /cYosef Wijoyo a1, Cet. Ke-1 aYogyakarta :bPT Kanisius,c2017 aviii, 253 hlm :bilus. ;c14x20 cm 4aPelayanan Kefarmasian di Komunitas ahlm.253 4aBuku Ajar Pelayanan Kefarmasian di Komunitas a202500223296